000 00341nam a22001457a 4500
008 221216b ||||| |||| 00| 0 eng d
020 _a978805373284
041 _aeng
080 _2EIIGHTH EDITION
_a611
082 _a611MAR
100 _a10
101 _aANATO
245 _aESSENTIALS OF HUMAN PHYSIOLOGY
_cMARIEB N E
942 _2udc
_cBK
999 _c59202
_d59202